Statistics for Every FUTTIES card on FIFA 23

Click here to take the quiz!

General Stats

  • This quiz has been taken 96 times
  • The average score is 30 of 115

Answer Stats

NationPositionPlayer% Correct
PortugalSTCristiano Ronaldo
89%
ArgentinaSTLionel Messi
78%
NorwaySTErling Haaland
70%
BrazilCAMNeymar
67%
FranceSTKylian Mbappé
63%
ItalyGKGianluigi Donnarumma
59%
South KoreaLWHeung-Min Son
52%
SloveniaGKJan Oblak
52%
BrazilGKAlisson
48%
AustriaCBDavid Alaba
48%
BrazilCBLucio
48%
NorwayCAMMartin Ødegaard
48%
PolandSTRobert Lewandowski
48%
FranceCFKarim Benzema
44%
PortugalCMGedson Fernandes
41%
Saudi ArabiaRWSaeed Al-Owairan
41%
BrazilLWVinicius Jr
41%
Ivory CoastCMYaya Touré
41%
GhanaCAMAbedi Ayew Pelé
37%
AlgeriaCMIsmael Bennacer
37%
PortugalLWRafael Leão
37%
UruguayCBRonald Araújo
37%
JapanCAMHidetoshi Nakata
33%
ColombiaCBIván Córdoba
33%
NigeriaCAMJay-Jay Okocha
33%
ArgentinaSTJulian Alvarez
33%
SenegalCBKalidou Koulibaly
33%
EnglandLWMarcus Rashford
33%
UkraineLWMykhailo Mudryk
33%
SpainCDMSergio Busquets
33%
AustraliaSTTim Cahill
33%
ItalyCMClaudio Marchisio
30%
FranceLMDavid Ginola
30%
AustraliaLWHarry Kewell
30%
FranceCBIbrahima Konaté
30%
EnglandLWJack Grealish
30%
NetherlandsRBJeremie Frimpong
30%
South KoreaCMJi-Sung Park
30%
SpainLBJoan Capdevila
30%
FranceRWBJonathan Clauss
30%
USACFLandon Donovan
30%
PortugalCMRúben Neves
30%
FranceSTSidney Govou
30%
NigeriaRWAhmed Musa
26%
SpainRBDani Carvajal
26%
NetherlandsRWBDenzel Dumfries
26%
UruguaySTDiego Forlan
26%
ItalyRWFederico Chiesa
26%
Ivory CoastCDMFranck Kessié
26%
EnglandRWJadon Sancho
26%
ArgentinaCFPaulo Dybala
26%
SpainCDMRodri
26%
PolandSTWłodzimierz Smolarek
26%
FranceSTAntoine Griezmann
22%
PortugalSTDiogo Jota
22%
BrazilSTGabriel Jesus
22%
EnglandRWJoe Cole
22%
GermanyRMLeroy Sané
22%
ItalyLWLorenzo Insigne
22%
GermanyCAMMarco Reus
22%
IrelandSTRobbie Keane
22%
GermanyLWBRobin Gosens
22%
BrazilRWRodrygo
22%
CanadaRMTajon Buchanan
22%
MexicoSTXavier Hernández
22%
ArgentinaRWAngel Di Maria
19%
SpainLWAnsu Fati
19%
ItalyCBGian Marco Ferrari
19%
Ivory CoastCDMIbrahim Sangaré
19%
GhanaSTIñaki Williams
19%
EnglandCBJoe Gomez
19%
FranceCBJules Koundé
19%
FranceCMKhéphren Thuram
19%
ColombiaSTLuis Muriel
19%
GhanaCBMohammed Salisu
19%
FinlandCAMOliver Antman
19%
BrazilCAMPhilippe Coutinho
19%
ColombiaSTRadamel Falcao
19%
SpainCAMThiago
19%
SwitzerlandCAMXherdan Shaqiri
19%
ItalyCMAlessandro Florenzi
15%
FranceSTAlexandre Lacazette
15%
ItalySTAntonio Di Natale
15%
FranceCDMBradley Danger
15%
NetherlandsLWCody Gakpo
15%
BrazilCMFred
15%
ArmeniaCAMHenrikh Mkhitaryan
15%
SpainCAMIsco
15%
NetherlandsCMQuinten Timber
15%
FranceSTRandal Kolo Muani
15%
NetherlandsCMRyan Gravenberch
15%
FranceCMThomas Lemar
15%
NetherlansRWXavi Simons
15%
BrazilCBDiego Carlos
11%
BrazilLMGaleno
11%
CroatiaCAMIvan Perišić
11%
EnglandLWBJaheim Headley
11%
ArgentinaCDMJavier Mascherano
11%
NetherlandsCBJeremiah St. Juste
11%
SwedenLWJesper Karlsson
11%
GermanySTLukas Podolski
11%
NetherlandsLBOwen Wijndal
11%
FranceCAMRayan Cherki
11%
EnglandRWRyan Kent
11%
DenmarkCDMThomas Delaney
11%
BrazilCBAderllan Santos
7%
EnglandLWAngel Gomes
7%
PortugalLWBruma
7%
SpainCAMIván Jaime
7%
SpainCMMarcos Llorente
7%
FranceCBMaxence Lacroix
7%
PortugalLMNani
7%
EnglandSTTammy Abraham
7%
EnglandGKToby Savin
7%
BelgiumCAMDries Mertens
4%

Score Distribution

Percentile by Number Answered

Percent of People with Each Score

Your Score History

You have not taken this quiz